Statistics for F1 Winners: Argentine Grand Prix

Click here to take the quiz!

General Stats

  • This quiz has been taken 306 times
  • The average score is 15 of 21

Answer Stats

SeasonTrackWinner% Correct
1954Buenos Aires No.2Juan Manuel Fangio
98%
1955Buenos Aires No.2Juan Manuel Fangio
98%
1956Buenos Aires No.2Juan Manuel Fangio
98%
1957Buenos Aires No.2Juan Manuel Fangio
98%
1998Buenos Aires No.6Michael Schumacher
94%
1996Buenos Aires No.6Damon Hill
90%
1995Buenos Aires No.6Damon Hill
90%
1953Buenos Aires No.2Alberto Ascari
87%
1997Buenos Aires No.6Jacques Villeneuve
81%
1972Buenos Aires No.9Jackie Stewart
78%
1973Buenos Aires No.9Emerson Fittipaldi
74%
1975Buenos Aires No.15Emerson Fittipaldi
74%
1981Buenos Aires No.15Nelson Piquet
72%
1977Buenos Aires No.15Jody Scheckter
70%
1980Buenos Aires No.15Alan Jones
68%
1958Buenos Aires No.2Stirling Moss
67%
1978Buenos Aires No.15Mario Andretti
64%
1960Buenos Aires No.2Bruch McLaren
45%
1974Buenos Aires No.15Denny Hulme
42%
1979Buenos Aires No.15Jacques Laffite
29%
-Buenos Aires No.2Luigi Musso
21%

Score Distribution

Percentile by Number Answered

Percent of People with Each Score

Your Score History

You have not taken this quiz